00775nam a2200193 i 450000100060000000300090000600500170001500700030003200800410003510000240007624501530010026000320025330000380028565100560032370000370037985200220041699900170043895201260045557618ES-MaACL20230906163619.0t|031017s1961 sp |||| | spa d1 aDuart, Luis.94572510aObispados godos de Levante b: aportación a la historia eclesiástica del Reino de Valencia / cLuis Duart ; prólogo de José Zahonero Vivó. aMadrid : bMorata, c[1961] a150 p., 1 lám. pleg. ; c21 cm. 4aValencia (Reino)-xHistoria eclesiástica.91658371 aZahonero Vivó, José.9117851 aES-MaACLjC-20996 c57618d57618 00104070aATENEOMbATENEOMcGaleríad2008-01-17eSCl0oC-20996p1060486r2023-02-23 00:00:00w2023-02-23yMONOGRAFIA